<?xml version="1.0" encoding="UTF-8"?><?xml-stylesheet type="text/xsl" href="static/style.xsl"?><OAI-PMH xmlns="http://www.openarchives.org/OAI/2.0/" xmlns:xsi="http://www.w3.org/2001/XMLSchema-instance" xsi:schemaLocation="http://www.openarchives.org/OAI/2.0/ http://www.openarchives.org/OAI/2.0/OAI-PMH.xsd"><responseDate>2026-06-29T02:45:12Z</responseDate><request verb="GetRecord" identifier="oai:docta.ucm.es:20.500.14352/110025" metadataPrefix="marc">https://docta.ucm.es/rest/oai/request</request><GetRecord><record><header><identifier>oai:docta.ucm.es:20.500.14352/110025</identifier><datestamp>2024-11-06T01:06:49Z</datestamp><setSpec>com_20.500.14352_14</setSpec><setSpec>col_20.500.14352_15</setSpec></header><metadata><record xmlns="http://www.loc.gov/MARC21/slim" xmlns:dcterms="http://purl.org/dc/terms/" xmlns:xsi="http://www.w3.org/2001/XMLSchema-instance" xmlns:doc="http://www.lyncode.com/xoai" xsi:schemaLocation="http://www.loc.gov/MARC21/slim http://www.loc.gov/standards/marcxml/schema/MARC21slim.xsd">
   <leader>00925njm 22002777a 4500</leader>
   <datafield ind2=" " ind1=" " tag="042">
      <subfield code="a">dc</subfield>
   </datafield>
   <datafield ind2=" " ind1=" " tag="720">
      <subfield code="a">González Alonso-Alegre, Elisa-Margarita</subfield>
      <subfield code="e">author</subfield>
   </datafield>
   <datafield ind2=" " ind1=" " tag="720">
      <subfield code="a">Rodríguez Álvaro, Alfonso</subfield>
      <subfield code="e">author</subfield>
   </datafield>
   <datafield ind2=" " ind1=" " tag="720">
      <subfield code="a">Martinez Nevado, Eva</subfield>
      <subfield code="e">author</subfield>
   </datafield>
   <datafield ind2=" " ind1=" " tag="720">
      <subfield code="a">Martínez De Merlo, Elena</subfield>
      <subfield code="e">author</subfield>
   </datafield>
   <datafield ind2=" " ind1=" " tag="720">
      <subfield code="a">Sánchez Maldonado, María Belén</subfield>
      <subfield code="e">author</subfield>
   </datafield>
   <datafield ind2=" " ind1=" " tag="260">
      <subfield code="c">2013</subfield>
   </datafield>
   <datafield ind2=" " ind1=" " tag="520">
      <subfield code="a">An 8-year-old female adult reindeer (Rangifer tarandus tarandus) was referred to the Veterinary Hospital of Madrid for evaluation of a conjunctival mass on the left eye which had been present for about 2 months. A surgical excision was performed and biopsy material submitted for light microscopic evaluation which confirmed the diagnosis of conjuctival squamous cell carcinoma. Nuclear p53 immunolabeling was found in 52% of the neoplastic cells. Follow-up examination at 12 months postsurgery did not reveal recurrence of this neoplasm. Conjunctival squamous cell carcinoma has not been reported previously in reindeer and seems to have similar characteristics to the one existing in bovine species.</subfield>
   </datafield>
   <datafield ind1="8" ind2=" " tag="024">
      <subfield code="a">Gonzalez-Alonso-Alegre EM, Rodriguez-Alvaro A, Martinez-Nevado E, Martinez-de-Merlo EM, Sanchez-Maldonado B. Conjunctival squamous cell carcinoma in a reindeer (Rangifer tarandus tarandus). Vet Ophthalmol. 2013 Jul;16 Suppl 1:113-6. doi: 10.1111/vop.12002. Epub 2012 Nov 4. PMID: 23121493.</subfield>
   </datafield>
   <datafield ind1="8" ind2=" " tag="024">
      <subfield code="a">1463-5216</subfield>
   </datafield>
   <datafield ind1="8" ind2=" " tag="024">
      <subfield code="a">10.1111/vop.12002</subfield>
   </datafield>
   <datafield ind1="8" ind2=" " tag="024">
      <subfield code="a">https://hdl.handle.net/20.500.14352/110025</subfield>
   </datafield>
   <datafield ind1="8" ind2=" " tag="024">
      <subfield code="a">1463-5224</subfield>
   </datafield>
   <datafield ind1="8" ind2=" " tag="024">
      <subfield code="a">https://doi.org/10.1111/vop.12002</subfield>
   </datafield>
   <datafield ind2="0" ind1="0" tag="245">
      <subfield code="a">Conjunctival squamous cell carcinoma in a reindeer (Rangifer tarandus tarandus)</subfield>
   </datafield>
</record></metadata></record></GetRecord></OAI-PMH>